The Sociological Life of Pierre Bourdieu /
שמור ב:
| מחבר ראשי: | |
|---|---|
| פורמט: | Texto |
| נושאים: | |
| תגים: |
הוספת תג
אין תגיות, היה/י הראשונ/ה לתייג את הרשומה!
|
MARC
| LEADER | 00000 a a2200000 04500 | ||
|---|---|---|---|
| 001 | 8802 | ||
| 003 | |||
| 040 | |||
| 100 | |a Wacquant, Loïc | ||
| 245 | |a The Sociological Life of Pierre Bourdieu / |c Loïc Wacquant | ||
| 650 | |a SOCIOLOGOS | ||
| 650 | |a BIOGRAFIAS | ||
| 650 | |a INVESTIGADORES | ||
| 650 | |a CIENCIAS SOCIALES | ||
| 773 | |g volumen 17, número 4; páginas 549-556 | ||
| 999 | |c 29842 |d 29842 | ||
